00366pab a2200133 454500008004000000100002100040245007700061260000900138300001100147362000900158650001000167700002200177773003300199180718b1989 xxu||||| |||| 00| 0 eng d aChen, Chau - Man aCurrency substitution, foreign inflation and terms - of - trade dynamics c1989 a955-64 aAug. aMoney aTien - wang Tsaur aJournal of Political Economy